|
|
|
|
| LEADER |
00670nab a2200205 i 4500 |
| 001 |
acta8949 |
| 005 |
20250526101453.0 |
| 008 |
161015s1990 hu o 000 hun d |
| 022 |
|
|
|a 0865-5553
|
| 040 |
|
|
|a SZTE Egyetemi Kiadványok Repozitórium
|b hun
|
| 041 |
|
|
|a hun
|
| 100 |
1 |
|
|a Szajbély Mihály
|
| 245 |
1 |
2 |
|a A Mozart-golyó bosszúja
|h [elektronikus dokumentum] /
|c Szajbély Mihály
|
| 260 |
|
|
|a Pompeji Alapítvány
|b Szeged
|c 1990
|
| 300 |
|
|
|a 95-99
|
| 490 |
0 |
|
|a Pompeji
|
| 650 |
|
4 |
|a Bölcsészettudományok
|
| 650 |
|
4 |
|a Nyelvek és irodalom
|
| 695 |
|
|
|a Magyar irodalom
|
| 856 |
4 |
0 |
|u http://acta.bibl.u-szeged.hu/8949/1/pompeji_1990_002_095-099.pdf
|z Dokumentum-elérés
|